[Event "Kolkata Bengal op"]
[Site "Kolkata"]
[Date "2019.03.19"]
[Round "8"]
[White "Pratyay, Chowdhury"]
[Black "Mitra, Swapan"]
[Result "0-1"]
[WhiteElo "1664"]
[BlackElo "2097"]
[PlyCount "102"]
[EventDate "2019.03.15"]
[EventType "swiss"]
[EventRounds "9"]
[EventCountry "IND"]
[SourceTitle "CBM 190 Extra"]
[Source "ChessBase"]
[SourceDate "2019.07.15"]
[SourceVersion "1"]
[SourceVersionDate "2019.07.15"]
[SourceQuality "1"]

1. e4 c6 2. c4 e5 3. d3 Bc5 4. a3 a5 5. Nc3 d6 6. Nge2 Qf6 7. f4 Nh6 8. h3 Bd4 9. f5 g6 10. Bxh6 Qh4+ 11. g3 Qxh6 12. fxg6 fxg6 13. Nxd4 exd4 14. Ne2 Bg4 15. Qd2 Qxd2+ 16. Kxd2 Bxe2 17. Bxe2 Nd7 18. b4 axb4 19. axb4 Ke7 20. g4 h6 21. h4 Ne5 22. Rhf1 Nd7 23. Kc2 Ne5 24. Kb3 Kd7 25. Kb2 Rhf8 26. Kc2 Rxf1 27. Rxf1 Ke7 28. Kb3 Rf8 29. Rxf8 Kxf8 30. Ka4 b6 31. b5 c5 32. Kb3 Ke7 33. Kc2 Kf6 34. Kd1 Nf7 35. Ke1 Ke5 36. Kf1 Kf4 37. Kf2 g5 38. hxg5 hxg5 39. Bf1 Ne5 40. Be2 Nxg4+ 41. Kg2 Ne5 42. Bf1 g4 43. Kf2 g3+ 44. Ke2 Ng4 45. Bg2 Ne3 46. Bh3 Ng4 47. Bg2 Ne5 48. Bh3 Kg5 49. Bf1 Kh4 50. Bg2 Kg4 51. Bf1 Ng6 0-1